Missing Word: Movie Characters A-Z Quiz Stats

 Plays Quiz Updated Feb 8, 2018

Score 0/24 Timer 03:00
1 Play Today
Hint Answer % Correct
Forrest ____Gump
97.9%
Darth ____Vader
94.7%
Rocky ____Balboa
94.1%
Atticus ____Finch
86.3%
____ HolmesSherlock
85.5%
____ HallAnnie
83.6%
____ BurgundyRon
82.8%
Obi-Wan ____Kenobi
80.8%
____ BatesNorman
80.2%
Scarlett ____O'Hara
79.4%
Vito ____Corleone
74.9%
____ DarkoDonnie
67.6%
Hint Answer % Correct
____ GruberHans
67.4%
Derek ____Zoolander
59.9%
____ DoolittleEliza
57.5%
____ AmidalaQueen
56.5%
____ RabbitJessica
56.3%
____ DurdenTyler
53.1%
____ MontoyaInigo
50.8%
Dolores ____Umbridge
47.4%
____ BatemanPatrick
39.3%
Marsellus ____Wallace
31.7%
____ BurnhamLester
30.2%
____ GundersonMarge
27.2%

Today's Daily Dose

You're not logged in!

Compare scores with friends on all Sporcle quizzes.
OR
Log In

Show Comments

Extras

Top Quizzes Today


Score Distribution

Your Account Isn't Verified!

In order to create a playlist on Sporcle, you need to verify the email address you used during registration. Go to your Sporcle Settings to finish the process.

Report this User

Report this user for behavior that violates our Community Guidelines.

Details: